[Event "ch-FRA Blitz Online Qual"]
[Site "Europe-Chess INT"]
[Date "2020.05.16"]
[Round "4"]
[White "Meyssirel, Tom"]
[Black "Muller, Lorelei"]
[Result "1-0"]
[WhiteElo "1333"]
[BlackElo "1541"]
[WhiteFideId "45197245"]
[BlackFideId "20669208"]
[EventDate "2020.05.16"]

1. c4 Nf6 2. Nc3 g6 3. g3 Bg7 4. Bg2 d6 5. d4 O-O 6. Nf3 c5 7. O-O Nc6 8. d5 Na5
9. Nd2 b6 10. Rb1 Nb7 11. b3 Nh5 12. Bb2 Qd7 13. Nce4 e5 14. e3 f5 15. Ng5 Qe7
16. Nh3 Nd8 17. e4 Nf6 18. Re1 Nf7 19. a3 Nh6 20. Ng5 Nf7 21. Nxf7 Rxf7 22. b4
fxe4 23. Nxe4 Bf5 24. Nxf6+ Qxf6 25. Rc1 Bh6 26. Ra1 Qe7 27. bxc5 bxc5 28. Qe2
Qb7 29. a4 Bg7 30. Bc3 Qb3 31. Bd2 Qb7 32. Bg5 Qd7 33. Qd2 Rb8 34. Bh6 Bh8 35.
Bg5 e4 36. Be3 Bxa1 37. Rxa1 Re7 38. Re1 Qxa4 39. Bg5 Ree8 40. h3 Qxc4 41. g4
Bd7 42. Kh1 Qa6 43. Bh6 Qc8 44. Qf4 Rf8 45. Qg5 Rf7 46. Rxe4 Rb1+ 47. Kh2 Rb2
48. Re7 Rbxf2 49. Rxf7 Rxf7 50. Qd2 Bb5 51. g5 Qd7 52. Qa2 Qe7 53. Qd2 Qe5+ 54.
Kh1 a6 55. Kg1 Qf5 56. Kh2 Qf4+ 57. Qxf4 Rxf4 58. Kg3 Rd4 59. Bf3 a5 60. Bg4 a4
61. Be6+ Kh8 62. h4 Rd3+ 63. Kg4 Rd1 64. h5 Be2+ 65. Kf4 Bxh5 66. Bf8 a3 67. Be7
Rf1+ 68. Kg3 Rg1+ 69. Kf4 Rxg5 70. Bf6# 1-0

[Event "ch-FRA Blitz Online Qual"]
[Site "Europe-Chess INT"]
[Date "2020.05.16"]
[Round "4"]
[White "Courcelle, Victor"]
[Black "Anselin, Djavan"]
[Result "0-1"]
[WhiteElo "1314"]
[BlackElo "1499"]
[WhiteFideId "45177392"]
[BlackFideId "36080713"]
[EventDate "2020.05.16"]

1. c4 e6 2. Nc3 c6 3. Nf3 d5 4. cxd5 exd5 5. d4 Nf6 6. e3 Bb4 7. Bd2 O-O 8. Be2
Bf5 9. O-O Nbd7 10. Re1 Re8 11. a3 Ba5 12. b4 Bc7 13. Bc1 Ne4 14. Nxe4 Bxe4 15.
Nd2 Bf5 16. Bg4 Qg5 17. Bxf5 Qxf5 18. Qf3 Qf6 19. Qxf6 Nxf6 20. Nf3 Ne4 21. Nd2
Re6 22. Nxe4 Rxe4 23. Re2 Rae8 24. Bb2 Rh4 25. g3 Rh5 26. h4 Re6 27. Rae1 g5 28.
hxg5 Rxg5 29. e4 Kg7 30. exd5 Rxe2 31. Rxe2 cxd5 32. Kg2 Rg6 33. Re7 Rc6 34. Rd7
Rc2 35. Kf3 Bb6 36. Ba1 Ra2 37. Bc3 Rxa3 38. Rxd5 Rxc3+ 39. Ke4 Rc4 40. f4 Rxb4
41. g4 Rb1 42. g5 Re1+ 43. Kf5 Rd1 44. Ke4 Re1+ 45. Kf5 Rf1 46. Rd7 Rf2 47. Rxb7
Bxd4 48. Rd7 Bb6 49. Re7 Rf1 50. Re4 a5 51. Kg4 Bc7 52. Ra4 Rf2 53. Kf5 Rb2 54.
Kg4 Rb4 55. Ra1 Rxf4+ 56. Kh5 Rb4 57. Rc1 Bg3 58. Rc3 Rh4# 0-1

[Event "ch-FRA Blitz Online Qual"]
[Site "Europe-Chess INT"]
[Date "2020.05.16"]
[Round "4"]
[White "Tempier, Martin"]
[Black "Chen, Zhiyue Dashan"]
[Result "1/2-1/2"]
[WhiteElo "1357"]
[BlackElo "1119"]
[WhiteFideId "36009300"]
[BlackFideId "551034930"]
[EventDate "2020.05.16"]

1. e4 e5 2. Nf3 Nc6 3. d4 exd4 4. Nxd4 Bc5 5. Be3 Nxd4 6. Bxd4 Bb6 7. Nc3 Nf6 8.
Bc4 d6 9. O-O O-O 10. Re1 Be6 11. Bb3 Bxb3 12. axb3 Re8 13. Bxb6 axb6 14. Qf3
Qd7 15. Nd5 Nxd5 16. exd5 Rxe1+ 17. Rxe1 Re8 18. Qc3 h6 19. h3 Re7 20. Kf1 Kf8
21. Qf3 Rxe1+ 22. Kxe1 Qe7+ 23. Qe2 Qxe2+ 24. Kxe2 Ke7 25. Ke3 Kf6 26. Kf4 g5+
27. Ke4 c6 28. c4 c5 29. f4 gxf4 30. Kxf4 Kg6 31. g4 Kf6 32. h4 Kg6 33. Ke4 Kf6
34. Kf4 Kg6 35. g5 hxg5+ 36. hxg5 f6 37. gxf6 Kxf6 38. Ke4 Kg5 39. Ke3 Kf5 40.
Kd3 Kf4 41. Kd2 Ke4 42. Kc2 Ke3 43. Kc3 Ke2 44. Kc2 Ke3 45. Kc3 Ke2 46. Kc2 Ke3 1/2-1/2

[Event "ch-FRA Blitz Online Qual"]
[Site "Europe-Chess INT"]
[Date "2020.05.16"]
[Round "4"]
[White "Shved, Jakov"]
[Black "Negre, Maxime"]
[Result "1-0"]
[WhiteElo "1667"]
[BlackElo "1105"]
[WhiteFideId "45178194"]
[BlackFideId "45187231"]
[EventDate "2020.05.16"]

1. e4 e5 2. Nf3 Nc6 3. Bc4 Bc5 4. c3 Nf6 5. d4 exd4 6. cxd4 Bb4+ 7. Nc3 Nxe4 8.
O-O Bxc3 9. d5 Na5 10. bxc3 Nxc4 11. Qd4 O-O 12. Qxe4 Nd6 13. Qd3 h6 14. Bb2 c6
15. c4 b5 16. dxc6 dxc6 17. Ba3 Nxc4 18. Qc3 Nxa3 19. Qxa3 Bb7 20. Rad1 Qc7 21.
Rd6 Rfd8 22. Rfd1 Rxd6 23. Rxd6 Rd8 24. Rxd8+ Qxd8 25. h3 Qb6 26. Qd6 c5 27.
Qb8+ Kh7 28. Ne5 Bd5 29. Qc8 Qe6 30. Nd7 Qe1+ 31. Kh2 Qe7 32. Nf8+ Kg8 33. Ng6+
Kh7 34. Nxe7 Be6 35. Qg8# 1-0

[Event "ch-FRA Blitz Online Qual"]
[Site "Europe-Chess INT"]
[Date "2020.05.16"]
[Round "4"]
[White "Coelho, Laurent"]
[Black "Briguet, Remi"]
[Result "1-0"]
[WhiteElo "1617"]
[BlackElo "1160"]
[WhiteFideId "45104840"]
[BlackFideId "551081210"]
[EventDate "2020.05.16"]

1. e4 e5 2. Nf3 Nc6 3. d4 d6 4. dxe5 dxe5 5. Qxd8+ Kxd8 6. Bc4 Nb4 7. Na3 Nc6 8.
Nb5 Nb4 9. O-O Nxc2 10. Rb1 Nb4 11. Bxf7 Nf6 12. Nxe5 Nxa2 13. Bxa2 Nxe4 14.
Nf7+ Ke8 15. Nxh8 Bf5 16. Nxc7+ Kd8 17. Nxa8 Nd2 18. Rd1 Bxb1 19. Rxd2+ Kc8 20.
Bxb1 b6 21. Rc2+ Kb8 22. Nc7 Bd6 23. Nb5 Bb4 24. Bf4+ Kb7 25. Ba2 Ka6 26. Bc4
Ka5 27. b3 Bc5 28. Ra2+ Kb4 29. Bd2# 1-0

[Event "ch-FRA Blitz Online Qual"]
[Site "Europe-Chess INT"]
[Date "2020.05.16"]
[Round "4"]
[White "Cherfils, Richard"]
[Black "Trimbitasu, Elyas"]
[Result "1-0"]
[WhiteElo "1356"]
[BlackElo "1175"]
[WhiteFideId "36072362"]
[BlackFideId "551013410"]
[EventDate "2020.05.16"]

1. e4 e5 2. Nf3 Nc6 3. Bc4 Nf6 4. Ng5 Bc5 5. Bxf7+ Kf8 6. Bd5 Nxd5 7. exd5 Qxg5
8. O-O Nd4 9. d3 Qf6 10. Nc3 d6 11. Ne4 Qg6 12. c3 Nb5 13. Qf3+ Qf5 14. Qe2 Bd7
15. c4 Nd4 16. Qd2 Qg6 17. Kh1 h5 18. b4 Bxb4 19. Qxb4 Nc2 20. Qxb7 Nxa1 21.
Qxa8+ Qe8 22. Qxa7 Nc2 23. Qxc7 Qe7 24. Nxd6 Nd4 25. Nc8 Qf6 26. Qxd7 Ne2 27.
Qd6+ Qxd6 28. Nxd6 Ke7 29. Nf5+ Kf6 30. Ne3 g5 31. Bb2 g4 32. c5 Kg5 33. d6 h4
34. c6 g3 35. fxg3 hxg3 36. h3 Kg6 37. d7 Nf4 38. c7 Nxh3 39. gxh3 Rh7 40. d8=Q
Rxh3+ 41. Kg2 Rh2+ 42. Kxg3 Rxb2 43. Qd6+ Kh5 44. c8=Q Re2 45. Qg4# 1-0

[Event "ch-FRA Blitz Online Qual"]
[Site "Europe-Chess INT"]
[Date "2020.05.16"]
[Round "4"]
[White "Anas, Raphael"]
[Black "Rieger, Lylian"]
[Result "1-0"]
[WhiteElo "1421"]
[BlackElo "1148"]
[WhiteFideId "45115770"]
[BlackFideId "551000105"]
[EventDate "2020.05.16"]

1. e4 e5 2. Nf3 d6 3. Bc4 Nc6 4. Nc3 g6 5. d3 Bg7 6. Ng5 Nh6 7. Be3 f6 8. Nf3
Ng4 9. Qd2 Bd7 10. h3 Nxe3 11. fxe3 Qe7 12. Rf1 O-O-O 13. Nd5 Qf8 14. a4 Be6 15.
b4 Bxd5 16. exd5 Ne7 17. b5 Qf7 18. e4 f5 19. a5 h5 20. b6 cxb6 21. axb6 axb6
22. Bb5 Kb8 23. Qc3 Rc8 24. Qa3 Kc7 25. Qc3+ Kb8 26. Qa3 Kc7 27. Qc3+ Kd8 28.
Qa3 Bh6 29. Qxd6# 1-0

[Event "ch-FRA Blitz Online Qual"]
[Site "Europe-Chess INT"]
[Date "2020.05.16"]
[Round "4"]
[White "Sepahpour, Shervine"]
[Black "Mirguet, Vladislav"]
[Result "1-0"]
[WhiteElo "1398"]
[BlackElo "1073"]
[WhiteFideId "45150478"]
[BlackFideId "45136432"]
[EventDate "2020.05.16"]

1. d4 d5 2. c4 e6 3. e3 Nf6 4. Nc3 Bb4 5. Nf3 Nc6 6. Bd3 O-O 7. O-O Qe7 8. Bd2
b6 9. e4 dxe4 10. Nxe4 Bxd2 11. Qxd2 Bb7 12. Qc2 Nxe4 13. Bxe4 Qd7 14. Bxh7+ Kh8
15. Qe4 f5 16. Qh4 g6 17. Bxg6+ Kg7 18. Qh7+ Kf6 19. Qxd7 1-0

[Event "ch-FRA Blitz Online Qual"]
[Site "Europe-Chess INT"]
[Date "2020.05.16"]
[Round "4"]
[White "Mirguet, Ulysse"]
[Black "Colette, Thierry"]
[Result "1-0"]
[WhiteElo "1105"]
[BlackElo "1411"]
[WhiteFideId "36044300"]
[BlackFideId "36056758"]
[EventDate "2020.05.16"]

1. e4 e5 2. Nf3 Nc6 3. Bb5 d6 4. d4 Bd7 5. Nc3 exd4 6. Nxd4 Nf6 7. Nxc6 Bxc6 8.
Bxc6+ bxc6 9. Bg5 Be7 10. O-O O-O 11. Qd4 Re8 12. Rfe1 Nd7 13. Bxe7 Rxe7 14. Re3
Ne5 15. b3 Qd7 16. f4 Ng6 17. g3 c5 18. Qd5 c6 19. Qd3 Rae8 20. Rd1 Qh3 21. Qxd6
Nxf4 22. Qxf4 Qh5 23. Qf3 Qg6 24. Rde1 Re5 25. Qf4 R8e6 26. Kg2 Rf6 27. Qxe5 Re6
28. Qb8+ 1-0

[Event "ch-FRA Blitz Online Qual"]
[Site "Europe-Chess INT"]
[Date "2020.05.16"]
[Round "4"]
[White "Rafalimanana, Hary"]
[Black "Migus, Ethan"]
[Result "1-0"]
[WhiteElo "1238"]
[BlackElo "1084"]
[WhiteFideId "551039257"]
[BlackFideId "551047594"]
[EventDate "2020.05.16"]

1. d4 d5 2. Nf3 Nc6 3. Bf4 Nf6 4. Nc3 Bf5 5. Nh4 Be4 6. f3 Bg6 7. Nxg6 hxg6 8.
Nb5 Rc8 9. Nc3 e6 10. a3 Bd6 11. Qd2 O-O 12. O-O-O Bxf4 13. Qxf4 Qd6 14. Qg5 Nh7
15. Qd2 Rcd8 16. h4 a6 17. g4 Qg3 18. e3 Qxf3 19. Be2 Qf6 20. g5 Qe7 21. Bd3 e5
22. h5 gxh5 23. Bxh7+ Kxh7 24. Rxh5+ Kg8 25. Qh2 f6 26. dxe5 fxg5 27. Nxd5 Rxd5
28. Rxd5 Kf7 29. Qh3 Ke8 30. Qh2 Kf7 31. Rh3 Ke8 32. Rh8 Rxh8 33. Qxh8+ Kf7 34.
Qh5+ Kf8 35. Kb1 1-0

[Event "ch-FRA Blitz Online Qual"]
[Site "Europe-Chess INT"]
[Date "2020.05.16"]
[Round "4"]
[White "Albaladejo, Sylviane"]
[Black "Remtoula, Jamal"]
[Result "1-0"]
[WhiteElo "1025"]
[BlackElo "1070"]
[WhiteFideId "20605218"]
[BlackFideId "551099853"]
[EventDate "2020.05.16"]

1. e4 e5 2. Nf3 Nc6 3. d3 Bc5 4. Be3 d6 5. Bxc5 Bg4 6. Be3 Nf6 7. Be2 Qe7 8. O-O
O-O 9. Nc3 Rad8 10. a3 Nd4 11. Nd5 Nxd5 12. exd5 c6 13. Nxd4 cxd5 14. Nb3 d4 15.
Bd2 Bxe2 16. Qxe2 f6 17. f4 Rde8 18. Qe4 f5 19. Qd5+ 1-0

[Event "ch-FRA Blitz Online Qual"]
[Site "Europe-Chess INT"]
[Date "2020.05.16"]
[Round "4"]
[White "Rieger, Emmanuel"]
[Black "Gusev, Mickael"]
[Result "1-0"]
[WhiteElo "1306"]
[BlackElo "1032"]
[WhiteFideId "551000091"]
[BlackFideId "551081997"]
[EventDate "2020.05.16"]

1. e4 e5 2. Nf3 Nc6 3. Bc4 h6 4. c3 Nf6 5. Qc2 Bc5 6. d3 O-O 7. O-O d6 8. h3 Be6
9. Bxe6 fxe6 10. d4 exd4 11. cxd4 Bxd4 12. Nxd4 Nxd4 13. Qd3 Nc6 14. f3 e5 15.
Be3 Qe7 16. Nc3 Rad8 17. Nd5 Qd7 18. Rad1 a6 19. a3 Ne7 20. Nxf6+ gxf6 21. Bxh6
Kh7 22. Qe3 Rg8 23. f4 Rg6 24. g4 Rxh6 25. f5 Qc6 26. Rc1 Qb6 27. Qxb6 cxb6 28.
Rc7 Re8 29. Rxb7 Rxh3 30. Kg2 Re3 31. Rh1+ Kg7 32. Rxb6 Rxe4 33. Kf3 Rd4 34.
Rxa6 Rd3+ 35. Ke4 Rd4+ 36. Ke3 Nd5+ 37. Kf3 Rd3+ 38. Ke4 Rd2 39. Rxd6 Rxb2 40.
Rxd5 Re2+ 41. Kf3 Ra2 42. Ra5 Rd8 43. Ra7+ Kg8 44. Rhh7 1-0

[Event "ch-FRA Blitz Online Qual"]
[Site "Europe-Chess INT"]
[Date "2020.05.16"]
[Round "5"]
[White "Firouzja, Alireza"]
[Black "Glek, Igor"]
[Result "1-0"]
[WhiteTitle "GM"]
[BlackTitle "GM"]
[WhiteElo "2728"]
[BlackElo "2475"]
[WhiteFideId "12573981"]
[BlackFideId "4100484"]
[EventDate "2020.05.16"]

1. Nc3 d5 2. d4 Nf6 3. Nf3 c5 4. dxc5 Nc6 5. Bf4 Bg4 6. h3 Bxf3 7. exf3 e6 8.
Nb5 e5 9. Bg5 a6 10. Bxf6 gxf6 11. Nc3 Qa5 12. Qxd5 Rd8 13. Qe4 Bxc5 14. Bd3 Bb4
15. O-O Bxc3 16. bxc3 Qxc3 17. Rab1 Rd7 18. Rb3 Qd4 19. Rxb7 Rxb7 20. Qxc6+ Qd7
21. Qxf6 O-O 22. Qg5+ Kh8 23. Qh6 1-0

[Event "ch-FRA Blitz Online Qual"]
[Site "Europe-Chess INT"]
[Date "2020.05.16"]
[Round "5"]
[White "Jobava, Baadur"]
[Black "Rakotomaharo, Fy Antenaina"]
[Result "1-0"]
[WhiteTitle "GM"]
[BlackTitle "IM"]
[WhiteElo "2603"]
[BlackElo "2422"]
[WhiteFideId "13601520"]
[BlackFideId "13100050"]
[EventDate "2020.05.16"]

1. e4 c5 2. c3 d6 3. d4 Nf6 4. Bd3 g6 5. h3 Bg7 6. Nf3 O-O 7. O-O Nc6 8. d5 Ne5
9. Nxe5 dxe5 10. a4 Ne8 11. Be3 b6 12. a5 Bd7 13. axb6 axb6 14. Rxa8 Qxa8 15.
Na3 Nd6 16. Nc4 Rb8 17. Qa1 Qb7 18. b4 Nxc4 19. Bxc4 b5 20. Be2 Ra8 21. bxc5
Rxa1 22. Rxa1 f5 23. f3 h5 24. Kh2 Kh7 25. Bd3 Bh6 26. Bf2 Qc7 27. Ra6 Bd2 28.
c6 Bc8 29. Ra7 Qd6 30. Ra8 Bd7 31. Rd8 Qa3 32. cxd7 Qxc3 33. Rh8+ 1-0

[Event "ch-FRA Blitz Online Qual"]
[Site "Europe-Chess INT"]
[Date "2020.05.16"]
[Round "5"]
[White "Debray, Christopher"]
[Black "Safarli, Eltaj"]
[Result "0-1"]
[WhiteTitle "IM"]
[BlackTitle "GM"]
[WhiteElo "2376"]
[BlackElo "2598"]
[WhiteFideId "630810"]
[BlackFideId "13402129"]
[EventDate "2020.05.16"]

1. d4 Nf6 2. c4 e6 3. g3 d5 4. Bg2 Be7 5. Nf3 O-O 6. O-O dxc4 7. Ne5 Nd5 8. Nxc4
b5 9. Ne5 Bb7 10. a4 b4 11. a5 Na6 12. Nd2 c5 13. Nb3 Rc8 14. dxc5 Nxc5 15. Nxc5
Bxc5 16. Qb3 Ba6 17. Nd3 Be7 18. Rd1 Qc7 19. Bd2 Bc4 20. Qa4 Qb8 21. Bxd5 Bxd5
22. Bxb4 Rc4 23. Bxe7 Rxa4 24. Bxf8 Rxa1 25. Rxa1 Kxf8 0-1

[Event "ch-FRA Blitz Online Qual"]
[Site "Europe-Chess INT"]
[Date "2020.05.16"]
[Round "5"]
[White "Gozzoli, Yannick"]
[Black "Choukri, Adel"]
[Result "0-1"]
[WhiteTitle "GM"]
[BlackTitle "FM"]
[WhiteElo "2600"]
[BlackElo "2311"]
[WhiteFideId "616915"]
[BlackFideId "9000399"]
[EventDate "2020.05.16"]

1. d4 d5 2. Nf3 Nf6 3. c4 c6 4. Nc3 e6 5. Bg5 Nbd7 6. e3 Qa5 7. Nd2 Bb4 8. Qc2
Ne4 9. Ncxe4 dxe4 10. Bh4 O-O 11. Be2 e5 12. a3 exd4 13. exd4 Re8 14. Rd1 Bxd2+
15. Qxd2 Qa4 16. O-O b5 17. d5 bxc4 18. d6 Rb8 19. Rc1 Qb3 20. Bxc4 Qxb2 21. Qa5
Qb6 22. Qc3 Ne5 23. Be2 Bd7 24. Rfd1 Qb2 25. Bg3 Qxc3 26. Rxc3 f6 27. h3 Rb2 28.
Bf1 Reb8 29. Rd4 Rb1 30. Bxe5 fxe5 31. Rdc4 Rd1 32. Rc1 Rxd6 33. Rxe4 Re8 34.
Rc5 Rd1 35. Rexe5 Rxe5 36. Rxe5 Kf7 37. Ra5 Kf6 38. f3 Be6 39. Kf2 Rd2+ 40. Ke3
Rb2 41. Rxa7 h5 42. g4 h4 43. f4 Rb3+ 44. Kd4 Rf3 45. f5 Bd5 46. Bd3 Rxh3 47.
g5+ Kxg5 48. Rxg7+ Kf6 49. Rg6+ Kf7 50. a4 Rh1 51. a5 Ra1 52. a6 h3 53. Rh6 Ra4+
54. Ke5 Ra3 55. a7 Bg2 56. Rh7+ Kg8 57. f6 c5 58. Bc4+ Kxh7 59. f7 Kg7 0-1

[Event "ch-FRA Blitz Online Qual"]
[Site "Europe-Chess INT"]
[Date "2020.05.16"]
[Round "5"]
[White "Laurent-Paoli, Pierre"]
[Black "Baklan, Vladimir"]
[Result "1/2-1/2"]
[WhiteTitle "FM"]
[BlackTitle "GM"]
[WhiteElo "2402"]
[BlackElo "2587"]
[WhiteFideId "26017962"]
[BlackFideId "14102196"]
[EventDate "2020.05.16"]

1. d4 Nf6 2. c4 g6 3. Nc3 Bg7 4. e4 d6 5. Nf3 Bg4 6. Be2 Nfd7 7. Be3 a6 8. Qd2
Bxf3 9. Bxf3 c5 10. d5 b5 11. cxb5 axb5 12. Nxb5 O-O 13. O-O Qa5 14. Qxa5 Rxa5
15. a4 Na6 16. Bd2 Nb4 17. Bc3 Rb8 18. Bxg7 Kxg7 19. b3 Nc2 20. Rad1 Nd4 21.
Nxd4 cxd4 22. Rxd4 Rxb3 23. Be2 Nc5 24. Bb5 Ra3 25. Re1 Nxa4 26. Bxa4 R3xa4 27.
Rxa4 Rxa4 28. g3 Kf6 29. Kg2 Ke5 30. f4+ Kd4 31. Rd1+ Kc5 32. Kf3 h5 33. Rc1+
Rc4 34. Ra1 Rc3+ 35. Kf2 Kd4 36. Ra7 Rc2+ 37. Kf3 Rc3+ 38. Kf2 f5 39. exf5 gxf5
40. Rxe7 Kxd5 41. Kg2 Kd4 42. Kh3 Rc2 43. Rh7 d5 44. Rxh5 Ke4 45. Rh8 d4 46.
Re8+ Kf3 47. Rd8 Rd2 48. Kh4 d3 49. Kg5 Ke4 50. Re8+ Kd4 51. Rd8+ Ke4 52. Re8+
Kd4 53. Rd8+ Ke4 1/2-1/2

[Event "ch-FRA Blitz Online Qual"]
[Site "Europe-Chess INT"]
[Date "2020.05.16"]
[Round "5"]
[White "Guliyev, Namig"]
[Black "Muminova, Nafisa"]
[Result "1/2-1/2"]
[WhiteTitle "GM"]
[BlackTitle "WGM"]
[WhiteElo "2529"]
[BlackElo "2274"]
[WhiteFideId "13400363"]
[BlackFideId "14201526"]
[EventDate "2020.05.16"]

1. e4 e6 2. d4 d5 3. Nc3 Nf6 4. e5 Nfd7 5. f4 c5 6. Nf3 Nc6 7. Be3 Qb6 8. Na4
Qa5+ 9. c3 b6 10. Bd2 c4 11. b4 Nxb4 12. cxb4 Bxb4 13. Qc2 Bxd2+ 14. Nxd2 b5 15.
Nc3 b4 16. Nd1 O-O 17. h4 Qb6 18. Nf3 f6 19. Rh3 fxe5 20. fxe5 Rxf3 21. Rxf3
Qxd4 22. Rb1 Nxe5 23. Re3 a5 24. Qe2 Nd3+ 25. Rxd3 cxd3 26. Qxd3 Qxh4+ 27. g3
Qg5 28. Rb2 Ba6 29. Qe3 Qf6 30. Rf2 Qe7 31. Bh3 e5 32. Qb6 d4 33. Be6+ Kh8 34.
Bd5 Rd8 35. Qxa5 Bd3 36. Bb3 e4 37. Rf7 Qd6 38. Qg5 Rg8 39. Rf4 Re8 40. Rf7 Rg8
41. Rf2 Re8 42. Rf7 Rg8 1/2-1/2

[Event "ch-FRA Blitz Online Qual"]
[Site "Europe-Chess INT"]
[Date "2020.05.16"]
[Round "5"]
[White "Riff, Jean-Noel"]
[Black "Ternault, Mathieu"]
[Result "1-0"]
[WhiteTitle "GM"]
[BlackTitle "FM"]
[WhiteElo "2504"]
[BlackElo "2363"]
[WhiteFideId "611190"]
[BlackFideId "20641532"]
[EventDate "2020.05.16"]

1. e4 Nc6 2. Nf3 d6 3. d4 Nf6 4. c3 g6 5. Bd3 Bg7 6. O-O O-O 7. h3 e5 8. Re1 a6
9. a4 exd4 10. cxd4 a5 11. Nc3 Nb4 12. Bf1 c6 13. Bf4 Re8 14. Qd2 Be6 15. Rad1
Bb3 16. Rc1 Rc8 17. Bg5 Qd7 18. Bh6 Qe7 19. Bxg7 Kxg7 20. e5 dxe5 21. dxe5 Nfd5
22. Ne4 Rcd8 23. Nc5 Ba2 24. Qd4 Nc7 25. Qg4 Be6 26. Nxe6+ Qxe6 27. Qh4 h6 28.
Bc4 Qe7 29. Qg4 Ne6 30. Rcd1 Rxd1 31. Rxd1 Rd8 32. Rxd8 Nxd8 33. Qd4 Ne6 34. Qb6
Qc7 35. Qe3 Nd5 36. Qd2 Ndf4 37. Kh2 Qd8 38. Qe3 g5 39. g3 Nd5 40. Qd2 Nb6 41.
Bxe6 Qxd2 42. Nxd2 fxe6 43. b3 Nd5 44. Nc4 Ne7 45. Nxa5 Ng6 46. Nxb7 Nxe5 47. a5
Nd7 48. a6 Nb6 49. a7 Kf6 50. Na5 c5 51. Nb7 Ke5 52. Nxc5 Kd5 53. Nd7 Na8 54.
Nf8 e5 55. Kg2 Kd4 56. Nd7 e4 57. Kf1 e3 58. fxe3+ Kxe3 59. b4 Kd4 60. b5 Kd5
61. Nf6+ Kc5 62. Ng8 h5 63. Nf6 h4 64. g4 Kxb5 65. Ne4 Kb6 66. Nxg5 Kxa7 67. Ne4
Kb6 68. g5 Nc7 69. Kf2 Ne6 70. Kf3 Kc6 71. Kg4 Kd5 72. Nf6+ Ke5 73. Nd7+ Kd6 74.
Nf6 Ke5 75. Nh5 Nd4 76. g6 Ke6 77. Kxh4 Nf3+ 78. Kg4 Ne5+ 79. Kg5 Ke7 80. Kh6
Kf8 81. g7+ Kf7 82. Nf6 Kxf6 83. g8=Q Nf7+ 84. Kh5 Ne5 85. Qg5+ Ke6 86. Qxe5+ 1-0

[Event "ch-FRA Blitz Online Qual"]
[Site "Europe-Chess INT"]
[Date "2020.05.16"]
[Round "5"]
[White "Daulyte-Cornette, Deimante"]
[Black "Vedmediuc, Serghei"]
[Result "0-1"]
[WhiteTitle "IM"]
[BlackTitle "IM"]
[WhiteElo "2400"]
[BlackElo "2464"]
[WhiteFideId "12802859"]
[BlackFideId "13900790"]
[EventDate "2020.05.16"]

1. e4 c6 2. d4 d5 3. e5 Bf5 4. h4 h5 5. Bd3 Bxd3 6. Qxd3 e6 7. Bg5 Qb6 8. Nd2
Ne7 9. Ne2 Nd7 10. O-O g6 11. c4 Nf5 12. cxd5 cxd5 13. Rfc1 Bg7 14. Rc2 O-O 15.
Rac1 Nb8 16. a3 Nc6 17. Nf3 Rfc8 18. b4 Bf8 19. b5 Nce7 20. a4 Rxc2 21. Rxc2 Rc8
22. Rxc8 Nxc8 23. Qc3 Nce7 24. Nf4 a6 25. bxa6 bxa6 26. Nd2 Nxd4 27. Kh2 Ndc6
28. Nd3 Nf5 29. Nf3 Ncd4 30. Nxd4 Qxd4 31. Qxd4 Nxd4 32. Kg3 Nc6 33. Kf4 Ba3 34.
Ke3 Kf8 35. f4 Ke8 36. Bf6 Kd7 37. Kd2 Kc7 38. Kc3 Kb6 39. Kb3 Be7 40. Bxe7 Nxe7
41. Ne1 Nf5 42. Nf3 Kc5 43. Kc3 d4+ 44. Kd3 Kd5 45. Ng5 Nxh4 46. Nxf7 Nxg2 47.
Nh8 Nxf4+ 48. Kd2 Kxe5 49. Nf7+ Kf6 50. Nd6 h4 51. a5 Ke5 52. Nc4+ Ke4 53. Nd6+
Kf3 0-1

[Event "ch-FRA Blitz Online Qual"]
[Site "Europe-Chess INT"]
[Date "2020.05.16"]
[Round "5"]
[White "Suarez Real, Alberto"]
[Black "Eden, James"]
[Result "1-0"]
[WhiteTitle "IM"]
[BlackTitle "IM"]
[WhiteElo "2448"]
[BlackElo "2330"]
[WhiteFideId "2218534"]
[BlackFideId "666491"]
[EventDate "2020.05.16"]

1. e4 e5 2. Nf3 Nc6 3. d4 exd4 4. Nxd4 Nf6 5. Nxc6 bxc6 6. e5 Qe7 7. Qe2 Nd5 8.
h4 d6 9. c4 Nb6 10. exd6 cxd6 11. Be3 Be6 12. Qc2 Qf6 13. Nd2 Be7 14. Bd3 Bg4
15. f3 Qe5 16. O-O-O Qxe3 17. fxg4 Qf4 18. Rde1 Qxg4 19. Re4 Qd7 20. Rhe1 Nc8
21. R4e2 Kd8 22. Bf5 Qc7 23. Bxc8 Rxc8 24. Rxe7 Qxe7 25. Rxe7 Kxe7 26. Qe4+ Kd7
27. Qf4 Rhf8 28. Ne4 d5 29. Nc5+ Ke7 30. Qe5+ 1-0

[Event "ch-FRA Blitz Online Qual"]
[Site "Europe-Chess INT"]
[Date "2020.05.16"]
[Round "5"]
[White "Le Goff, Ronan"]
[Black "Barbot, Pierre1"]
[Result "0-1"]
[WhiteTitle "FM"]
[BlackTitle "IM"]
[WhiteElo "2267"]
[BlackElo "2443"]
[WhiteFideId "612073"]
[BlackFideId "663727"]
[EventDate "2020.05.16"]

1. d4 Nf6 2. Nf3 e6 3. e3 c5 4. Bd3 b6 5. O-O Bb7 6. c4 Be7 7. Nc3 cxd4 8. exd4
d6 9. d5 e5 10. Re1 O-O 11. Nh4 g6 12. Nf3 Nh5 13. Bh6 Ng7 14. Qd2 Nd7 15. Rad1
Nc5 16. Bb1 a5 17. b3 Bc8 18. Ng5 Re8 19. Nge4 Nf5 20. Nxc5 bxc5 21. Bxf5 Bxf5
22. f4 Bh4 23. Rf1 e4 24. Qe3 Bf6 25. Nb5 a4 26. Kh1 axb3 27. axb3 Ra2 28. Bg5
Kg7 29. h3 h6 30. Bxf6+ Qxf6 31. g4 Bd7 32. Nc3 Rb2 33. Nxe4 Rxe4 34. Qxe4 Rxb3
35. Rd3 Rb4 36. Rdf3 Bb5 37. g5 Qb2 38. f5 Rxc4 39. f6+ Kg8 40. Qe7 Rc2 41. Qd8+
Kh7 42. Qxd6 Bxf1 43. Rxf1 Qd4 44. Qc7 Qe4+ 45. Kg1 Qg2# 0-1

[Event "ch-FRA Blitz Online Qual"]
[Site "Europe-Chess INT"]
[Date "2020.05.16"]
[Round "5"]
[White "Maze, Sebastien"]
[Black "Pichon, Ewen"]
[Result "1-0"]
[WhiteTitle "GM"]
[WhiteElo "2557"]
[BlackElo "1821"]
[WhiteFideId "613762"]
[BlackFideId "45155593"]
[EventDate "2020.05.16"]

1. e4 e5 2. Nf3 Nc6 3. Bb5 a6 4. Ba4 Nf6 5. d3 b5 6. Bb3 Be7 7. a3 O-O 8. Nc3 d6
9. O-O Bb7 10. h3 Nd4 11. Nxd4 exd4 12. Ne2 c5 13. Ng3 d5 14. exd5 Bxd5 15. Nf5
Bxb3 16. cxb3 Re8 17. Re1 Bf8 18. Rxe8 Qxe8 19. Bg5 Qe5 20. Qf3 Re8 21. Nh6+
gxh6 22. Bxf6 Qe1+ 23. Rxe1 Rxe1+ 24. Kh2 Bd6+ 25. g3 1-0